000 00601cam a22002291 4500
001 ne 64003563
003 DLC
005 20260227111809.0
008 881028s1964 xx a 000 0 ara
010 _ane 64003563
035 _a(OCoLC)23507420
040 _aDLC
_cMiU
_dDLC
042 _apremarc
050 0 0 _aPJ6171
_b.T3 1964
100 1 _aTaymūr, Muḥammad,
_d1892-1921.
245 1 0 _aMā tarāhu al-ʻuyūn.
260 _c1964.
300 _a10, 142 p.
_billus.
_c24 cm.
500 _aRomanized.
650 0 _aArabic language
_xVersification.
830 0 _aMaktabah al-ʻArabīyah ;
_v2.
999 _c47775
_d47775